| 000 | 00693cam a2200241 a 4500 | ||
|---|---|---|---|
| 001 | 3007995 | ||
| 005 | 20180116040426.0 | ||
| 008 | 931019r19451941enk b 001 0 eng | ||
| 010 | _a 93219667 | ||
| 020 | _a0195003640 | ||
| 040 |
_aDLC _cDLC _dDLC |
||
| 041 | 1 | _aeng | |
| 080 | _a821 | ||
| 082 | _2821 COR | ||
| 100 | 0 | _a21 | |
| 101 | _aGJL | ||
| 240 | 1 | 0 |
_aRepublic. _lEnglish |
| 245 | 1 | 4 |
_aThe Republic of Plato / _ctranslated with introduction and notes by Francis MacDonald Cornford. |
| 504 | _aIncludes bibliographical references and index. | ||
| 906 |
_a7 _bcbc _corignew _d3 _encip _f19 _gy-gencatlg |
||
| 942 |
_2ddc _cBK |
||
| 999 |
_c40348 _d40348 |
||